Winnie the Pooh Characters By Picture - Statistics

General Stats
  • This quiz has been taken 79 times
  • The average score is 8 of 10
Answer Stats
Picture Answer % Correct
Winnie the Pooh
100%
Tigger
94%
Piglet
89%
Christopher Robin
78%
Owl
78%
Rabbit
78%
Eeyore
73%
Kanga
73%
Roo
72%
Gopher
38%
No matching quizzes found
Score Distribution
Percent of People with Each Score
Percentile by Number Answered
Your Score History
You have not taken this quiz